| 000 | 00569nam a2200193Ia 4500 | ||
|---|---|---|---|
| 008 | 191130s2010##################000#0#eng## | ||
| 020 | _a9788171393688 | ||
| 040 |
_aACL _cACL |
||
| 082 | _a327.174 PAT | ||
| 245 |
_aArms control _cV. T.Patil |
||
| 260 |
_aNew Delhi _bJnanada Prakashan _cc2010 |
||
| 300 | _avii, 525 p. : ill. ; 23 cm | ||
| 500 | _aIncludes bibliographical refferences (p. [513]-519) and index | ||
| 650 | _aArms control | ||
| 650 | _acurity, International | ||
| 990 | _a05629053ac10000c0d65d16a4f1e1195 | ||
| 991 | _a136552 | ||
| 999 |
_c373161 _d373161 |
||